[Event "LSS SA-2022-0-00800"]
[Site "LSS email"]
[Date "2022.05.28"]
[Round "?"]
[White "Rodriguez, Raul"]
[Black "Sukhanitskij, Stanislav"]
[Result "1/2-1/2"]
[WhiteElo "1980"]
[BlackElo "2131"]
[PlyCount "42"]
[EventDate "2022.05.06"]
[EventType "tourn (corr)"]
[EventRounds "6"]
[EventCountry "GER"]
[SourceTitle "Corr 2024"]
[Source "ChessBase"]
[SourceDate "2023.10.19"]
[SourceVersion "1"]
[SourceVersionDate "2023.10.19"]
[SourceQuality "1"]

1. e4 c5 2. Nf3 d6 3. d4 cxd4 4. Qxd4 Nc6 5. Bb5 Bd7 6. Bxc6 Bxc6 7. c4 f5 8. exf5 Qa5+ 9. Nc3 Qxf5 10. Nd5 e5 11. Qd1 Rc8 12. 0-0 Nf6 13. Re1 Bxd5 14. cxd5 Be7 15. Qb3 b6 16. Qa4+ Qd7 17. Qb3 Rc5 18. Bg5 Qb5 19. Qa3 Qa5 20. Qd3 Qb5 21. Qa3 Qa5 1/2-1/2